Statistics for Top Ten American Countries by Shortest Coastline-With Exceptions

Click here to take the quiz!

General Stats

  • This quiz has been taken 16 times
  • The average score is 9 of 10

Answer Stats

KilometersMilesAnswer% Correct
307191El Salvador
100%
459285Guyana
100%
823517Honduras
100%
910570Nicaragua
100%
386240Suriname
100%
660410Uruguay
100%
280174Belize
94%
1,022634Jamaica
94%
400250Guatemala
88%
362225Trinidad & Tobago
69%

Score Distribution

Percentile by Number Answered

Percent of People with Each Score

Your Score History

You have not taken this quiz